Elogio de la locura

Uloženo v:
Podrobná bibliografie
Hlavní autor: Erasmo, Desiderio (Autor)
Médium: Kniha
Jazyk:španělština
Vydáno: Santiago Ercilla 1988
Edice:Las más grandes obras del conocimiento, 16
Témata:
Tagy: Přidat tag
Žádné tagy, Buďte první, kdo vytvoří štítek k tomuto záznamu!

MARC

LEADER 00000nam a2200000 a 4500
001 UCW8739
003 CL-VaPUC
008 881026e19880000CL |||||||||||||||||spa|d
082 0 4 |a 144  |b ERA  |2 21 
100 0 |a Erasmo, Desiderio  |e author  |9 265915 
245 1 0 |a Elogio de la locura 
300 |a 111 p 
942 |c BK 
945 |d 19881026 00:00:00 
260 |a Santiago  |b Ercilla  |c 1988 
500 |a Se distribuye con revista Ercilla 
650 0 |a Humanismo  |9 256530 
583 |a last modification  |c 19881026 00:00:00  |k Rodrigo Vera 
490 0 |a Las más grandes obras del conocimiento, 16 
999 |c 221022  |d 221020